Normal view MARC view
  • USMAN, DR. MD. RAGEEB AND OTHERS

Entry Personal Name

Number of records used in: 1

001 - CONTROL NUMBER

  • control field: 7005

003 - CONTROL NUMBER IDENTIFIER

  • control field: OSt

005 - DATE AND TIME OF LATEST TRANSACTION

  • control field: 20220209140259.0

008 - FIXED-LENGTH DATA ELEMENTS

  • fixed length control field: 220209|| aca||aabn | a|a d

040 ## - CATALOGING SOURCE

  • Original cataloging agency: OSt
  • Transcribing agency: OSt

100 ## - HEADING--PERSONAL NAME

  • Personal name: USMAN, DR. MD. RAGEEB AND OTHERS

670 ## - SOURCE DATA FOUND

  • Source citation: Work cat.: (OSt): USMAN, DR. MD. RAGEEB AND OTHERS, A PRACTICAL BOOK OF HUMAN ANATOMY AND PHYSIOLOGY-II [SEM-II]